00437nam a2200157 i 4500001000400000100003200004245006100036250001300097260004200110300002100152651003700173655001200210040000800222041000800230008004100238bgj1 aO'FLAHERTY, Liamd(1896- ).10aThe Short Stories of Liam O'Flaherty /cLiam O'Flaherty. a[Repr.]. aLondon :bNew English Library,c1961. a126 pp ;c18 cm. 9aIrelandxSocial life and customs aFiction cBPK0 aeng s uk f |000 0 eng